Analýza uplatňovania nástrojov nákladového controllingu v praxi konkrétneho podniku bakalárska práca

Salvato in:
Dettagli Bibliografici
Autore principale: Žuchová, Michaela
Ente Autore: Fakulta podnikového manažmentu EU. Katedra podnikovohospodárska
Altri autori: Šagátová, Slavka, 1975-
Natura: Libro
Lingua:slovacco
Pubblicazione: Bratislava 2018
Tags: Aggiungi Tag
Nessun Tag, puoi essere il primo ad aggiungerne!!

MARC

LEADER 00000nbm a2200000 4500
001 0244858
005 20181009112716.6
041 0 |a slo 
044 |a SK 
245 1 0 |a Analýza uplatňovania nástrojov nákladového controllingu v praxi konkrétneho podniku  |b bakalárska práca  |c Michaela Žuchová ; školiteľ: Slavka Šagátová 
264 1 |a Bratislava  |c 2018 
300 |a 51 s. 
100 1 |a Žuchová, Michaela 
700 1 |a Šagátová, Slavka, 1975- 
710 2 |a Fakulta podnikového manažmentu EU. Katedra podnikovohospodárska